الوثائق السياسية والادارية العائدة للعصر الاموى 132-40 هـ - 750-661م / (Record no. 38863)
[ view plain ]
| 000 -الفاتح | |
|---|---|
| حقل البيانات ثابتة الطول | 00640nam a2200181Ia 4500 |
| 005 - وقت وتاريخ اخر تعامل مع التسجيلة | |
| رقم الضبط | 20240530103351.0 |
| 008 - عناصر البيانات ثابتة الطول - معلومات عامة | |
| حقل البيانات ثابتة الطول | 140319s9999 xx 000 0 ara d |
| 040 ## - مصدر الفهرسة | |
| وكالة الفهرسة الأصلية | GCL / |
| وكالة النسخ | GCL |
| 082 04 - رقم تصنيف ديوى العشرى | |
| رقم التصنيف | 953.03 |
| رقم المادة | م و |
| 100 1# - المدخل الرئيسى - إسم شخصى | |
| الإسم الشخصى | محمد ماهر حمادة |
| 245 10 - بيان العنوان | |
| العنوان | الوثائق السياسية والادارية العائدة للعصر الاموى 132-40 هـ - 750-661م / |
| بيان المسئوليه,etc | محمد ماهر حمادة |
| 300 ## - الوصف المادى | |
| التعداد | 593 ص |
| 490 0# - بيان السلسلة | |
| عنوان السلسلة | سلسلة وثائق الاسلام ؛ |
| 650 04 - المدخل الاضافى بالموضوع-مصطلح موضوعى | |
| مصطلح موضوعي | الدولة الاسلامية - تاريخ |
| 650 04 - المدخل الاضافى بالموضوع-مصطلح موضوعى | |
| مصطلح موضوعي | الدولة الاموية - تاريخ |
| 942 ## - عناصر المدخل الإضافي( كوها) | |
| مصدر التصنيف او مخطط الترفيف | Dewey Decimal Classification |
| Koha [default] item type | كتاب |
| حالة التراجع | حالة الفقد | حالة تلف | ليس للاعارة | المكان المؤقت | الموقع الحالى | تاريخ الاكتساب | اجمالي اﻻعارات | رقم الطلب | الباركود | تاريخ اخر مشاهدة | تاريخ تفعيل السعر | نوع وعاء كوها |
|---|---|---|---|---|---|---|---|---|---|---|---|---|
| مكتبة القاهرة الكبرى | مكتبة القاهرة الكبرى | 03/26/2014 | 953.03\م و | 94789 | 03/26/2014 | 03/26/2014 | كتاب | |||||
| مكتبة القاهرة الكبرى | مكتبة القاهرة الكبرى | 03/26/2014 | 953.03\م و | 94790 | 03/26/2014 | 03/26/2014 | كتاب | |||||
| مكتبة القاهرة الكبرى | مكتبة القاهرة الكبرى | 03/26/2014 | 953.03\م و | 94791 | 03/26/2014 | 03/26/2014 | كتاب |

